| 000 | 01637 a2200193 4500 | ||
|---|---|---|---|
| 001 | 57815 | ||
| 005 | 20260407155838.0 | ||
| 008 | 260407a1964 arg spa d | ||
| 003 | AR-UNSa-BCEJYS | ||
| 040 |
_aAR-UNSa-BCEJYS _bspa _cAR-UNSa-BCEJYS |
||
| 080 |
_a342 _xDerecho constitucional (Derecho Público) |
||
| 245 | 1 | 0 | _aManual de la Constitución Argentina |
| 264 | 1 |
_aCórdoba : _bUniversidad Nacional de Córdoba _c1964 |
|
| 300 |
_a590 p. _c23 cm. |
||
| 505 | _a1. Nociones fundamentales – 2. Nociones fundamentales (continuación) – 3. De los derechos en general – 4. Libertad e igualdad civiles – 5. De los derechos civiles con relación al trabajo y a los bienes – 6. Derechos y libertades en relación inmediata con la personalidad – 7. De los derechos con relación a la seguridad y defensa individuales – 8. De los derechos políticos – 9. Suspensión de las garantías constitucionales. Estado de sitio – 10. Naturaleza, forma y caracteres – 11. Formación del Gobierno. Derecho electoral – 12. Composición y distribución de los poderes del gobierno – 13. Del poder legislativo – 14. Privilegios y poderes del Congreso – 15. Atribuciones del congreso – 16. Atribuciones del congreso (continuación) – 17. Procedimiento parlamentario – 18. Del poder ejecutivo – 19. Del poder judicial – 20. De las provincias y sus poderes – 21. Relaciones entre las provincias – 22. Intervención del gobierno federal en el régimen interno de las provincias – 23. La constitución, ley suprema | ||
| 942 | _cBK | ||
| 590 | _aniveau_biblio:m niveau_hierar:0 | ||
| 100 | 1 | _aGonzález, Joaquin V. | |
| 999 |
_c6318 _d6318 |
||